000
00255nam a2200097Ia 4500
001
1229329
005
20250827093059.0
008
250824s9999 xx 000 0 und d
245
0
_a
ÇİKOLATA KAPLI HÜZÜNLER
_c
CANAN TAN
260
_b
ALTIN KİTAP YAYINLARI
999
_c
1229329
_d
1229329